[Event "40th TCh-GRE 2012"]
[Site "Achaea GRE"]
[Date "2012.07.04"]
[Round "6.6"]
[White "Poulopoulos,I"]
[Black "Terzis,F"]
[Result "1-0"]
[WhiteElo "2016"]
[BlackElo "1738"]

1.e4 c5 2.Nf3 e6 3.d4 cxd4 4.Nxd4 Nc6 5.Nc3 Nf6 6.Ndb5 Bb4 7.a3 Bxc3+ 8.Nxc3 d5
9.Bd3 dxe4 10.Nxe4 Nxe4 11.Bxe4 Qxd1+ 12.Kxd1 Bd7 13.Be3 f5 14.Bf3 O-O 15.Kc1 h6
16.b3 Rfd8 17.Kb2 Kf7 18.h4 e5 19.g3 Be6 20.Rad1 e4 21.Bh5+ Kf6 22.Be2 a6
23.Bb6 Rxd1 24.Rxd1 Rc8 25.f3 g5 26.Rf1 Ke5 27.hxg5 hxg5 28.Rh1 Bd5 29.Re1 Nb8
30.c3 Kd6 31.fxe4 Bxe4 32.Be3 Rg8 33.Rd1+ Kc7 34.Bc4 Rg6 35.a4 Nc6 36.b4 Ne5
37.Be2 Ng4 38.Bxg4 fxg4 39.c4 Bf3 40.Re1 Kc6 41.Bd4 Rd6 42.Kc3 Kd7 43.Re5 Re6
44.Rxg5 Re7 45.b5 axb5 46.cxb5 Re8 47.Kb4 Kc7 48.Be5+ Kb6 49.a5+ Ka7 50.Bd4+ Ka8
51.Kc5 Rc8+ 52.Kb6 Re8 53.Bc5 Re6+ 54.Kc7 Re8 55.Rg6 Rh8 56.Re6 Rh7+ 57.Kb6 Rh8
58.Re7 Rh6+ 59.Kc7 Rh8 60.Rd7 Rg8 61.Kb6 Rg6+ 62.Bd6 Rg8 63.a6  1-0

[Event "35th Barbera Open A"]
[Site "Barbera del Valles ESP"]
[Date "2012.07.04"]
[Round "1.30"]
[White "Van Riemsdijk,H"]
[Black "Subirachs Mancebo,G"]
[Result "1-0"]
[WhiteElo "2397"]
[BlackElo "2109"]

1.e4 c5 2.Nf3 Nc6 3.Nc3 e6 4.d4 cxd4 5.Nxd4 Nf6 6.Nxc6 bxc6 7.e5 Nd5 8.Ne4 f5
9.exf6 Nxf6 10.Nd6+ Bxd6 11.Qxd6 Ba6 12.Bxa6 Qa5+ 13.Bd2 Qxa6 14.f3 Rf8 15.Bc3 Rd8
16.a3 Kf7 17.Bxf6 gxf6 18.O-O-O Qb6 19.Rd3 c5 20.Rhd1 Qxd6 21.Rxd6 Ke7 22.R1d3 Rg8
23.g3 h5 24.Ra6 h4 25.gxh4 Rg1+ 26.Kd2 Rg2+ 27.Kc3 Rxh2 28.Rxa7 Rxh4 29.Rc7 Rh5
30.b3 Ke8 31.Kc4 d6 32.Kb5 Rd7 33.Kc6 Rxc7+ 34.Kxc7 d5 35.Kd6 c4 36.Re3 Re5
37.Rxe5 fxe5 38.Kxe5 cxb3 39.cxb3 Kd7 40.b4 Kc6 41.a4 Kb6 42.f4 Kc6 43.a5 Kb5
44.f5 exf5 45.Kxd5  1-0

[Event "ch-SLO w 2012"]
[Site "Ljubljana SLO"]
[Date "2012.07.04"]
[Round "5.2"]
[White "Vrabic,A"]
[Black "Kaps,D"]
[Result "0-1"]
[WhiteElo "2123"]
[BlackElo "2224"]

1.e4 c5 2.Nf3 Nc6 3.Nc3 e6 4.d4 cxd4 5.Nxd4 Qc7 6.Be2 a6 7.O-O Nf6 8.a4 Bb4
9.Nxc6 bxc6 10.Qd4 c5 11.Qe3 Bb7 12.e5 Bxc3 13.Qxc3 Ne4 14.Qe3 f6 15.f3 Ng5
16.Qc3 Nf7 17.exf6 g6 18.b4 Rc8 19.Be3 c4 20.b5 O-O 21.bxa6 Bxa6 22.a5 d5
23.Bb6 Qc6 24.Bd4 e5 25.Bb6 d4 26.Qd2 Nd6 27.f4 c3 28.Qd1 Bb7 29.Bf3 e4 30.Bg4 d3
31.Be6+ Nf7 32.Bxc8 Rxc8 33.cxd3 exd3 34.Qg4 d2 35.f5 g5 36.Be3 h5 37.Qg3 Qxf6
38.h4 g4 39.Qf2 Ba6 40.Bd4 Qc6 41.f6 Bxf1 42.Rxf1 Qe4 43.Be3 Qd3 44.Kh2 Re8
45.Bg5 g3+ 46.Qxg3 Qxg3+ 47.Kxg3 Re1  0-1

[Event "7th Vladimir Dvorkovich Cup"]
[Site "Moscow RUS"]
[Date "2012.07.04"]
[Round "5.1"]
[White "Eliseev,U"]
[Black "Harutyunian,T"]
[Result "1-0"]
[WhiteElo "2485"]
[BlackElo "2252"]

1.e4 c5 2.Nf3 e6 3.d4 cxd4 4.Nxd4 Nc6 5.Nc3 Qc7 6.Be3 a6 7.Qd2 Nf6 8.f3 Bb4
9.a3 Be7 10.g4 Ne5 11.O-O-O b5 12.Bf4 O-O 13.h4 b4 14.axb4 Bxb4 15.h5 d6
16.g5 Nfd7 17.g6 Qa5 18.Nb3 Qc7 19.Be2 Nb6 20.gxh7+ Kxh7 21.Qd4 Bxc3 22.bxc3 a5
23.Be3 Ba6 24.h6 g6 25.Bxa6 Rxa6 26.f4 a4 27.Na1 Rc8 28.fxe5 dxe5 29.Qd6 Qxc3
30.Qe7 Qxa1+ 31.Kd2 Qc3+ 32.Ke2 Qxc2+ 33.Rd2 Qc4+ 34.Kf3 Qc7 35.Qf6 Rg8 36.Rhd1 Ra7
37.Bxb6 Qe7 38.Qxe5 Rb7 39.Bc5 Qh4 40.Rh2 Rb3+ 41.Be3 Qe7 42.Rhd2 Qh4 43.Rh2 Qe7
44.Rc1 Qa3 45.Rc7 Rxe3+ 46.Kg4 Rf3 47.Rh3 Rxh3 48.Rxf7+ Kxh6 49.Qg5+  1-0

[Event "1st ITT LXSBC 2012"]
[Site "Sao Bernardo do Campo BRA"]
[Date "2012.07.04"]
[Round "3.3"]
[White "Rodi,L"]
[Black "Aranha Filho,A"]
[Result "1/2-1/2"]
[WhiteElo "2363"]
[BlackElo "2303"]

1.e4 c5 2.Nc3 e6 3.Nf3 Nc6 4.d4 cxd4 5.Nxd4 Nf6 6.Ndb5 Bb4 7.a3 Bxc3+ 8.Nxc3 d5
9.exd5 exd5 10.Bd3 O-O 11.O-O d4 12.Ne2 Bg4 13.f3 Bh5 14.Bg5 Qd6 15.Qd2 Bg6
16.Rad1 Rad8 17.Rfe1 Rfe8 18.Nf4 Bxd3 19.Nxd3 h6 20.Bh4 Rxe1+ 21.Rxe1 Re8
22.Rxe8+ Nxe8 23.Bf2 Nc7 24.Qe2 Qd5 25.Be1 Ne6 26.Bd2 Qc4 27.Bc1 b5 28.Kf2 a5
29.f4 Qd5 30.Qf3 Qc4 31.Qe2 Qd5 32.Qf3 Qc4 33.Ne1 f5 34.Qe2 Qd5 35.Qf3 Qc4
36.Qd3 Qd5 37.Qf3 Qc4 38.Qd3 Qd5  1/2-1/2

[Event "II Holuj-Radzikowski Mem"]
[Site "Warsaw POL"]
[Date "2012.07.04"]
[Round "4.1"]
[White "Wisniowska,K"]
[Black "Rajlich,I"]
[Result "1/2-1/2"]
[WhiteElo "2165"]
[BlackElo "2419"]

1.e4 c5 2.Nf3 e6 3.d4 cxd4 4.Nxd4 Nc6 5.Nc3 Qc7 6.Be3 Nf6 7.Qd2 a6 8.O-O-O Bb4
9.f3 O-O 10.g4 Ne5 11.g5 Nh5 12.Be2 Ng6 13.Rdg1 d5 14.exd5 e5 15.Nb3 Nhf4
16.d6 Qxd6 17.Qxd6 Nxe2+ 18.Nxe2 Bxd6 19.h4 Bc7 20.h5 Ne7 21.Bc5 Re8 22.Nc3 Be6
23.Ne4 b6 24.Bxe7 Rxe7 25.h6 Ree8 26.Nbd2 Bf5 27.Ng3 Bg6 28.Nde4 Re6 29.Nh5 gxh6
30.Nhf6+ Kg7 31.Rxh6 Rh8 32.Rgh1 Bd8 33.Kb1 Be7 34.b3 b5 35.Kb2 b4 36.Nh5+ Kf8
37.Nhf6 Kg7 38.Nh5+ Bxh5 39.R1xh5 Rg6 40.c4 bxc3+ 41.Kxc3 Rc8+ 42.Kb2 Rxh6
43.gxh6+ Kg6 44.Rxe5 Rc7 45.Ra5 Rc6 46.a3 Kxh6 47.b4 Kg6 48.Kb3 h5 49.a4 h4
50.b5 axb5 51.axb5 Re6 52.Ra6 Kf5 53.Kc4 Kf4 54.b6 Bd8 55.b7 Bc7 56.Ra8 Rb6
57.Rh8 Rxb7 58.Rxh4+ Kxf3 59.Ng5+ Kg3 60.Rh7 f5 61.Ne6 f4 62.Rxc7 Rxc7+ 63.Nxc7 Kf2
64.Nd5 f3 65.Kd3 Ke1 66.Ne3 f2 67.Ke4 Ke2 68.Kf4 Kd2 69.Nf1+ Ke1 70.Nh2 Ke2
71.Kg3 f1=Q 72.Nxf1 Kxf1  1/2-1/2

[Event "40th TCh-GRE 2012"]
[Site "Achaea GRE"]
[Date "2012.07.05"]
[Round "7.3"]
[White "Tsolakidou,Stavroula"]
[Black "Koutsoura,Georgia"]
[Result "1-0"]
[WhiteElo "1845"]
[BlackElo "1429"]

1.e4 c5 2.Nf3 Nc6 3.d4 cxd4 4.Nxd4 e6 5.Nc3 Bc5 6.Ndb5 Nf6 7.Nd6+ Ke7 8.Bf4 e5
9.Nf5+ Kf8 10.Bg5 d6 11.Qd2 Be6 12.Nxg7 Nd4 13.Nh5  1-0

[Event "40th TCh-GRE 2012"]
[Site "Achaea GRE"]
[Date "2012.07.05"]
[Round "7.1"]
[White "Videnova,I"]
[Black "Papadopoulou,V"]
[Result "1/2-1/2"]
[WhiteElo "2313"]
[BlackElo "2189"]

1.e4 c5 2.Nf3 e6 3.d4 cxd4 4.Nxd4 Nc6 5.Nc3 a6 6.Nxc6 bxc6 7.Bd3 d5 8.O-O Nf6
9.Re1 Be7 10.e5 Nd7 11.Qg4 g6 12.b3 Rb8 13.Na4 Rb4 14.c4 O-O 15.Bd2 Rb8 16.cxd5 cxd5
17.Rac1 a5 18.Qd4 Bb4 19.Bc3 Bxc3 20.Qxc3 f6 21.exf6 Rxf6 22.Qc7 Qxc7 23.Rxc7 e5
24.Rec1 Rf8 25.Ra7 e4 26.Bf1 Nf6 27.Rxa5 Bf5 28.h3 h5 29.Rd1 Rfc8 30.Nc5 g5
31.a3 g4 32.h4 g3 33.Be2 gxf2+ 34.Kxf2 Kh8 35.b4 Rg8 36.Ra6 Rbf8 37.Ke3 Rxg2
38.Bxh5 Rg3+ 39.Kd4 e3 40.Re1 Nxh5 41.Rh6+ Kg7 42.Rxh5 Rg4+ 43.Kxd5 Kg6 44.Rg5+ Rxg5
45.hxg5 Re8 46.b5 Kxg5 47.b6 Kf4 48.Rf1+ Kg4 49.b7 e2 50.Rh1 Kg3 51.Kd6 Kg2
52.Re1 Kf2 53.Rxe2+ Kxe2 54.Kc7 Re7+ 55.Kb6 Rxb7+ 56.Nxb7 Bc2 57.Nc5 Kd2
58.Kb5  1/2-1/2

[Event "40th TCh-GRE 2012"]
[Site "Achaea GRE"]
[Date "2012.07.05"]
[Round "7.5"]
[White "Kalogeris,I"]
[Black "Terzis,F"]
[Result "1-0"]
[WhiteElo "1903"]
[BlackElo "1738"]

1.e4 c5 2.Nf3 e6 3.d4 cxd4 4.Nxd4 Nc6 5.Nc3 Nf6 6.Be2 Bb4 7.Nxc6 bxc6 8.Qd3 O-O
9.O-O d5 10.exd5 exd5 11.a3 Bd6 12.Rd1 Qc7 13.h3 a5 14.Be3 Re8 15.Bf3 Ba6
16.Qd2 Rab8 17.Rab1 Red8 18.Bd4 Bf4 19.Be3 Be5 20.Na4 Bd6 21.Bd4 Bf4 22.Qc3 Ne8
23.Nc5 Bc8 24.Re1 f6 25.Nd3 Bf5 26.Nxf4 Qxf4 27.Ba7 Rbc8 28.Bb6 Rd7 29.Bxa5 g5
30.Bb6 Ng7 31.Re2 Be4 32.Be3 Qd6 33.Bxe4 dxe4 34.Rd2 Qe6 35.Rxd7 Qxd7 36.Qxf6 Rf8
37.Qxg5 Rf5 38.Qg4 Qe6 39.Bd4 Qg6 40.Qxg6 hxg6 41.Bxg7  1-0

[Event "ch-BEL Experts 2012"]
[Site "Lommel BEL"]
[Date "2012.07.05"]
[Round "6.3"]
[White "Dgebuadze,A"]
[Black "Michiels,B"]
[Result "1/2-1/2"]
[WhiteElo "2558"]
[BlackElo "2515"]

1.e4 c5 2.Nc3 Nc6 3.Nf3 e6 4.d4 cxd4 5.Nxd4 Qc7 6.Ndb5 Qb8 7.g3 a6 8.Nd4 b5
9.Bg2 Bb7 10.O-O Nf6 11.Nxc6 dxc6 12.Qe2 e5 13.Nd1 Bc5 14.Ne3 O-O 15.Nf5 g6
16.Nh6+ Kg7 17.Kh1 Ng8 18.Nxg8 Kxg8 19.Bh6 Re8 20.Rad1  1/2-1/2

[Event "7th Vladimir Dvorkovich Cup"]
[Site "Moscow RUS"]
[Date "2012.07.05"]
[Round "6.4"]
[White "Cemhan,K"]
[Black "Gaboyan,S"]
[Result "0-1"]
[WhiteElo "1941"]
[BlackElo "1898"]

1.e4 c5 2.Nf3 e6 3.d4 cxd4 4.Nxd4 Nc6 5.Nc3 Nf6 6.Be3 Bb4 7.Bd3 d5 8.Nxc6 bxc6
9.Bd2 e5 10.exd5 cxd5 11.Bb5+ Bd7 12.Bxd7+ Qxd7 13.O-O O-O 14.Qe2 Qf5 15.a3 Bxc3
16.Bxc3 d4 17.Bb4 Rfc8 18.Qd3 Qxd3 19.cxd3 Nd5 20.Bd6 f6 21.a4 Rc2 22.Ba3 Rac8
23.g3 Kf7 24.f4 Ne3 25.fxe5 Rg2+ 26.Kh1 Rcc2  0-1

[Event "2nd Polugaevsky Mem"]
[Site "Samara RUS"]
[Date "2012.07.05"]
[Round "1.14"]
[White "Geller,J"]
[Black "Afanasiev,D2"]
[Result "1-0"]
[WhiteElo "2555"]
[BlackElo "2068"]

1.e4 c5 2.Nf3 e6 3.d4 cxd4 4.Nxd4 Nc6 5.Nc3 Qc7 6.Be3 a6 7.Be2 Nf6 8.O-O Be7
9.f4 d6 10.Kh1 O-O 11.Qe1 Re8 12.Qg3 Na5 13.e5 dxe5 14.fxe5 Nd7 15.Nd5 Qxe5
16.Nc7  1-0

[Event "35th Barbera Open A"]
[Site "Barbera del Valles ESP"]
[Date "2012.07.06"]
[Round "3.3"]
[White "Gonzalez Perez,A"]
[Black "Cordova,E"]
[Result "1-0"]
[WhiteElo "2452"]
[BlackElo "2584"]

1.e4 c5 2.Nf3 e6 3.d4 cxd4 4.Nxd4 Nc6 5.Nc3 Qc7 6.g3 a6 7.Bg2 d6 8.O-O Bd7
9.Re1 Be7 10.Nxc6 Bxc6 11.Qg4 h5 12.Qe2 Nf6 13.h3 Rc8 14.a4 g6 15.a5 O-O
16.Be3 Rfe8 17.Bb6 Qb8 18.Bd4 e5 19.Be3 Bf8 20.Red1 Bd7 21.Na4 Bb5 22.Qd2 Rc4
23.Nb6 Rxe4 24.Nd5 Nxd5 25.Bxe4 Nf6 26.Bg2 Bc6 27.c4 Qc8 28.Qe2 e4 29.b4 d5
30.b5 Bd7 31.bxa6 bxa6 32.Bd4 Nh7 33.cxd5 Bxh3 34.Qe3 Bxg2 35.Kxg2 Qf5 36.Qf4 Qxd5
37.Be3 Qe6 38.Rab1 Nf6 39.Rb7 Rc8 40.Qg5 Ng4 41.Rb6 Nxe3+ 42.Qxe3 Qg4 43.Rd5 h4
44.Qf4 Qxf4 45.gxf4 Rc3 46.Rd8 Kg7 47.Rxa6 Rf3 48.Rc6 h3+ 49.Kg1 Be7 50.Rd4 Bh4
51.Rxe4 Rxf2 52.Re3 Rg2+ 53.Kh1 Bg3 54.Rf3 Rh2+ 55.Kg1 Rg2+ 56.Kf1 Bh4 57.Rxh3 Rf2+
58.Kg1 Rxf4 59.Ra3 Re4 60.a6 Re8 61.a7 Ra8 62.Kg2 Bf6 63.Ra4 Be5 64.Rc5 Kf6
65.Kf3 Kf5 66.Rb5 g5 67.Rb7 f6 68.Ra5 g4+ 69.Ke3 Ke6 70.Rg7 g3 71.Kf3 Kd6
72.Ra6+ Kc5 73.Rb7 Kd5 74.Rb1 Kc5 75.Ke4 g2 76.Kf3 g1=Q 77.Rxg1 Kb5 78.Ra2 Bd4
79.Rg7 Kc6 80.Ke4 Bb6 81.Rf7 Bg1 82.Rxf6+ Kb7 83.Rf7+ Kc6 84.Kd3 Kb5 85.Kc3 Rc8+
86.Kb3 Ra8 87.Ra4 Be3 88.Rb4+ Kc6 89.Rbb7 Bc5 90.Rfc7+ Kd6 91.Kc4 Bb6 92.Rd7+ Kc6
93.Rh7  1-0

[Event "35th Barbera Open A"]
[Site "Barbera del Valles ESP"]
[Date "2012.07.06"]
[Round "3.2"]
[White "Escobar Forero,A"]
[Black "Quesada Perez,Yu"]
[Result "1/2-1/2"]
[WhiteElo "2487"]
[BlackElo "2626"]

1.e4 c5 2.Nc3 Nc6 3.Nf3 e6 4.d4 cxd4 5.Nxd4 Qc7 6.Be3 a6 7.Bd3 Nf6 8.O-O Nxd4
9.Bxd4 Bc5 10.Be2 e5 11.Bxc5 Qxc5 12.Qd3 b5 13.a4 b4 14.Nd5 Nxd5 15.exd5 d6
16.a5 Bd7 17.c3 O-O 18.Qe3 Qxe3 19.fxe3 Rfb8 20.Rfc1 Kf8 21.e4 Ke7 22.c4 Rc8
23.Kf2 Rc5 24.Ke3 Rac8 25.b3 Rh8 26.Ra2 h6 27.Rf1 g6 28.g4 Rh7 29.Bd1 Rh8
30.Be2 Rh7 31.Bd1 Rh8  1/2-1/2

[Event "Perla Baltyku Open 2012"]
[Site "Lazy POL"]
[Date "2012.07.06"]
[Round "7.9"]
[White "Kalinina,O"]
[Black "Jacek,K"]
[Result "1/2-1/2"]
[WhiteElo "2297"]
[BlackElo "2074"]

1.e4 c5 2.Nf3 e6 3.d4 cxd4 4.Nxd4 Nc6 5.Nc3 Qc7 6.Be2 a6 7.a3 Nf6 8.Be3 Be7
9.O-O O-O 10.f4 d6 11.Qe1 Bd7 12.Qg3 Nxd4 13.Bxd4 Bc6 14.Bd3 Nh5 15.Qg4 e5
16.fxe5 dxe5 17.Be3 Nf4 18.Kh1 f5 19.Qd1 fxe4 20.Nxe4 Rad8 21.Bxf4 exf4 22.Qh5 g6
23.Qh6 Bxe4 24.Bxe4 Bf6 25.Rxf4 Bg7 26.Rxf8+ Rxf8 27.Qh3 Qe5 28.Qb3+ Kh8
29.Bxb7 Qxb2 30.Qxb2 Bxb2 31.Rb1 a5 32.a4 Bc3 33.g3 Re8 34.Bf3 Re1+ 35.Rxe1 Bxe1
36.Kg2 Kg7 37.Kf1 Bb4 38.Ke2 Kf6 39.Kd3 Ke5 40.Kc4 Be1 41.Kc5 Bb4+ 42.Kc4 Be1  1/2-1/2

[Event "Mulhouse WIM 2012"]
[Site "Mulhouse FRA"]
[Date "2012.07.06"]
[Round "6.2"]
[White "Choisy,M"]
[Black "Genova,Ly"]
[Result "1/2-1/2"]
[WhiteElo "2174"]
[BlackElo "2245"]

1.e4 c5 2.Nf3 e6 3.d4 cxd4 4.Nxd4 Nc6 5.Nc3 Qc7 6.Be3 a6 7.Qd2 Bb4 8.f3 Nf6
9.O-O-O O-O 10.g4 b5 11.g5 Ne8 12.Nxc6 Qxc6 13.Bd4  1/2-1/2

[Event "5th Int ch-Central Serbia 2012"]
[Site "Paracin SRB"]
[Date "2012.07.06"]
[Round "1.34"]
[White "Brankovic,De"]
[Black "Miladinovic,L"]
[Result "1/2-1/2"]
[WhiteElo "2349"]
[BlackElo "2078"]

1.e4 c5 2.Nf3 e6 3.d4 cxd4 4.Nxd4 Nc6 5.Nc3 Qc7 6.Be2 Nf6 7.Be3 Be7 8.O-O O-O
9.f4 d6 10.Qe1 Nxd4 11.Bxd4 e5 12.Be3 exf4 13.Rxf4 Be6 14.Bd4 Nd7 15.Qg3 Ne5
16.Kh1 a6 17.Bd3 g6 18.Rff1 Rfe8 19.Ne2 Bf8 20.Bc3 Bg7 21.Nd4 Nc6 22.Nxe6 fxe6
23.Bxg7 Kxg7 24.Bc4 Ne5 25.Bb3 a5 26.a4 Rac8 27.h3 Qe7 28.Rf2 Rf8 29.Raf1 Rxf2
30.Qxf2 Nc6 31.Qg3 Ne5 32.Qf4 Rd8 33.Rf2 Nd7 34.Qd2 Nc5 35.Qd4+ Kg8 36.Bc4 Qg7
37.e5  1/2-1/2

[Event "II Holuj-Radzikowski Mem"]
[Site "Warsaw POL"]
[Date "2012.07.06"]
[Round "6.1"]
[White "Wisniowska,K"]
[Black "Gvetadze,Sopi"]
[Result "0-1"]
[WhiteElo "2165"]
[BlackElo "2337"]

1.e4 c5 2.Nf3 e6 3.d4 cxd4 4.Nxd4 Nc6 5.Nc3 d6 6.Be3 Nf6 7.Be2 Be7 8.O-O O-O
9.Kh1 a6 10.f4 Qc7 11.Qe1 Na5 12.Rd1 b5 13.Bf3 Bb7 14.Bc1 b4 15.Nb1 Rfe8
16.c3 bxc3 17.Nxc3 Nd7 18.f5 Bf6 19.fxe6 fxe6 20.Bg4 Nf8 21.Qg3 Qe7 22.Bh5 Rec8
23.Nd5 Bxd5 24.exd5 Bxd4 25.Rxd4 e5 26.Rg4 Ng6 27.Rxg6 hxg6 28.Bg5 Rf8 29.Rg1 Qf7
30.Bf3 Nb7 31.Bg4 Qxd5 32.Bd1 Qe6 33.Bb3 d5 34.Rd1 Nc5 35.Be7 Nxb3 36.Bxf8 Rxf8
37.Qxb3 Qf7 38.h3 d4 39.Qd3 Qe6 40.Re1 Rf2 41.Qg3 Rf5 42.Qd3 Qxa2 43.b3 Qa5
44.Qc4+ Kh7 45.Re4 Qd8 46.Qd3 Qf6 47.Re1 Rf4 48.Kh2 Qd6 49.Kh1 Qd5 50.Rd1 e4
51.Qg3 Rf5 52.Qh4+ Rh5 53.Qf4 d3 54.Rd2 Rf5 55.Qh4+ Kg8 56.Qg3 Qe6 57.Qe3 Rf1+
58.Kh2 Qe5+ 59.g3 Rf3 60.Qe1 e3 61.Rxd3 Rf2+ 62.Kh1 Qe4+ 63.Kg1 Qg2+  0-1

[Event "7th Wroclaw Open A"]
[Site "Wroclaw POL"]
[Date "2012.07.06"]
[Round "5.11"]
[White "Musialkiewicz,J"]
[Black "Kulas,S"]
[Result "1/2-1/2"]
[WhiteElo "2189"]
[BlackElo "2019"]

1.e4 c5 2.Nf3 e6 3.d4 cxd4 4.Nxd4 Nc6 5.Nc3 Qc7 6.g3 Nf6 7.Bg2 a6 8.O-O d6
9.Re1 Bd7 10.Nxc6 bxc6 11.f4 e5 12.f5 Be7 13.Be3 O-O 14.Qf3 d5 15.exd5 cxd5
16.Nxd5 Nxd5 17.Qxd5 Bxf5 18.Bf2 Bf6 19.Qxa8 Rxa8 20.Bxa8 h5 21.b4 Qxc2 22.Bb7 e4
23.Rac1 Qxa2 24.Bxe4 Bxe4 25.Rxe4 g6 26.Rf1 Qd5 27.Rfe1 Kg7 28.Rf4 a5 29.bxa5 Qxa5
30.Rf1 Qd5 31.Be3 Be7 32.Bd4+ f6 33.Bxf6+ Bxf6 34.Rxf6 Qd4+ 35.R6f2 Kh6 36.h4 Qe3
37.Kh2 Qe6 38.Rf6 Qe5 39.Rf8 Qe2+ 40.R1f2 Qe7 41.R2f7 Qe2+ 42.Kh1  1/2-1/2

[Event "FSIM July 2012"]
[Site "Budapest HUN"]
[Date "2012.07.07"]
[Round "1.1"]
[White "Szajbely,Z"]
[Black "Xu,Yi"]
[Result "1/2-1/2"]
[WhiteElo "2230"]
[BlackElo "2165"]

1.e4 c5 2.Nf3 e6 3.d4 cxd4 4.Nxd4 Nc6 5.Nc3 Qc7 6.g3 a6 7.Bg2 Nf6 8.O-O Be7
9.Be3 O-O 10.Qe2 d6 11.Rad1 Bd7 12.h3 Rac8 13.Nxc6 Bxc6 14.Bf4 b5 15.a3 Rfd8
16.e5 Bxg2 17.Kxg2 Qc6+ 18.Kg1 dxe5 19.Bxe5 Nd7 20.Bd4 e5 21.Bxe5 Nxe5 22.Qxe5 Bf6
23.Rxd8+ Rxd8 24.Qe3 Bxc3 25.Qxc3 Qxc3 26.bxc3 g6 27.Rb1 Rc8 28.Rb3 Rc4 29.Kf1 f5
30.Ke2 Kf7 31.Kd2 Ra4  1/2-1/2

[Event "FSGM July 2012"]
[Site "Budapest HUN"]
[Date "2012.07.07"]
[Round "1.3"]
[White "Idani,P"]
[Black "Balazs,G2"]
[Result "1/2-1/2"]
[WhiteElo "2473"]
[BlackElo "2430"]

1.e4 c5 2.Nf3 e6 3.d4 cxd4 4.Nxd4 Nc6 5.Nc3 Qc7 6.Be3 a6 7.Qd2 Nf6 8.O-O-O Nxd4
9.Bxd4 e5 10.Be3 Bb4 11.f3 d6 12.a3 Bxc3 13.Qxc3 Qxc3 14.bxc3 Ke7 15.c4 Be6
16.c5 d5 17.exd5 Nxd5 18.Bf2 Rac8 19.Re1 f6 20.Kb2 Kf7 21.g3 Nc7 22.f4 exf4
23.gxf4 Rhd8 24.Bd3 Bd5 25.Rhg1 Ne6 26.Bxh7 Nxf4 27.Rg4 g5 28.Bf5 Rc6 29.Rd1 Ke7
30.h4 Be6 31.Re1 Rd2 32.Be3 Re2 33.Rxe2 Nxe2 34.hxg5 Bxf5 35.Rg2  1/2-1/2

[Event "119th ch-SCO 2012"]
[Site "Glasgow SCO"]
[Date "2012.07.07"]
[Round "1.12"]
[White "Sreeves,C"]
[Black "Das,Arg"]
[Result "1/2-1/2"]
[WhiteElo "2175"]
[BlackElo "2485"]

1.e4 c5 2.Nf3 e6 3.d4 cxd4 4.Nxd4 Nc6 5.Nc3 Qc7 6.Be3 a6 7.Qd2 Nf6 8.O-O-O Be7
9.f3 O-O 10.g4 b5 11.g5 Nh5 12.Kb1 Rd8 13.Nce2 g6 14.Ng3 Ng7 15.Qf2 Rb8 16.h4 e5
17.Nde2 d5 18.exd5 Nf5 19.Nxf5 Bxf5 20.Bh3 Bxh3 21.Rxh3 Nd4 22.Nxd4 Rxd5
23.Rhh1 Rbd8 24.c3 Bc5 25.Qc2 exd4 26.cxd4 Qd7 27.Rd2 Bb6 28.h5 Qf5 29.hxg6 fxg6
30.Qxf5 Rxf5 31.f4 Re8 32.Rd3 Bc7 33.d5 Bxf4 34.Bxf4 Rxf4 35.d6 Rd8 36.Re1 Rf7
37.Re6 Kf8 38.Kc2 Rf5 39.Rh3 Rf7 40.Kc3 Rfd7 41.Rf3+ Rf7 42.Rxf7+ Kxf7 43.Rf6+ Ke8
44.Kb4 Rc8 45.d7+ Kxd7 46.Rxa6 Rc2 47.b3  1/2-1/2

[Event "119th ch-SCO 2012"]
[Site "Glasgow SCO"]
[Date "2012.07.07"]
[Round "1.8"]
[White "Bea,B"]
[Black "Gretarsson,Hj"]
[Result "0-1"]
[WhiteElo "2178"]
[BlackElo "2507"]

1.e4 c5 2.Nf3 e6 3.d4 cxd4 4.Nxd4 Nc6 5.Nc3 Qc7 6.Be2 a6 7.O-O Nf6 8.Be3 Bb4
9.Na4 Be7 10.Nxc6 bxc6 11.Nb6 Rb8 12.Nxc8 Qxc8 13.Bd4 c5 14.Be5 Rb6 15.f3 O-O
16.c4 d6 17.Bc3 Nd7 18.Qd2 Bf6 19.Bxf6 Nxf6 20.b3 e5 21.Rab1 h6 22.Rb2 Qc6
23.Bd3 Re8 24.Bb1 Qb7 25.Qc3 a5 26.a4 Nd7 27.Rd1 Nf8 28.Bc2 Ne6 29.Rdb1 Nd4
30.Bd1 Rb8 31.Kf2 Rb4 32.Kg1 Qd7 33.Qe3 Qe7 34.g3 Qg5 35.Kf2 g6 36.f4 exf4
37.gxf4 Qf6 38.Kg1 Ne6 39.f5 Qg5+ 40.Qxg5 Nxg5 41.fxg6 fxg6 42.Bc2 Nf3+ 43.Kg2 Nd2
44.Re1 Nxc4 45.Ra2 Ne5 46.Bd1 Rd4 47.Rae2 Rf8 48.Bc2 Rf6 49.h3 Kf7 50.Re3 Ke6
51.R1e2 g5 52.Rg3 Ng6 53.Kg1 Ke5  0-1

[Event "Mulhouse WIM 2012"]
[Site "Mulhouse FRA"]
[Date "2012.07.07"]
[Round "8.1"]
[White "Richard,E"]
[Black "Choisy,M"]
[Result "1/2-1/2"]
[WhiteElo "2066"]
[BlackElo "2174"]

1.e4 c5 2.Nf3 e6 3.d4 cxd4 4.Nxd4 Nc6 5.Nc3 Qc7 6.g3 a6 7.Bg2 Nge7 8.Nf3 Ng6
9.O-O Be7 10.a4 O-O 11.h4 Bc5 12.Kh2 d6 13.Ng5 h6 14.Nh3 Bd7 15.f4 Nge7 16.Qh5 f5
17.Nf2 Nd4 18.Qd1 Rad8 19.Nd3 b5 20.Nxc5 dxc5 21.exf5 exf5 22.axb5 axb5 23.Nd5 Nxd5
24.Bxd5+ Kh7 25.c3 Be6  1/2-1/2

[Event "Mulhouse WIM 2012"]
[Site "Mulhouse FRA"]
[Date "2012.07.07"]
[Round "8.3"]
[White "Frey,Al"]
[Black "Genova,Ly"]
[Result "0-1"]
[WhiteElo "2047"]
[BlackElo "2245"]

1.e4 c5 2.Nf3 e6 3.d4 cxd4 4.Nxd4 Nc6 5.Nc3 Qc7 6.Be3 a6 7.Qd2 Nf6 8.f3 Bb4
9.O-O-O Na5 10.Nb3 d5 11.Bg5 dxe4 12.fxe4 Bd7 13.Bxf6 gxf6 14.Qd4 Nxb3+ 15.axb3 Be7
16.Na4 Rd8 17.Bd3 b5 18.Nc3 Qc5 19.Qxc5 Bxc5 20.Rhf1 Ke7 21.Rf3 Rdg8 22.g3 h5
23.e5 fxe5 24.Ne4 Rc8 25.Rf6 Be3+ 26.Kb1 Rh6 27.Rdf1 Rxf6 28.Nxf6 Bc6 29.Nxh5 Rh8
30.Nf6 Bg2 31.Re1 Kxf6 32.Rxe3 Rxh2 33.Ka2 Bc6 34.c4 b4 35.c5 a5 36.Be4 Bxe4
37.Rxe4 Rc2 38.Rc4 Rxc4 39.bxc4 a4 40.Kb1 Ke7  0-1

[Event "5th Int ch-Central Serbia 2012"]
[Site "Paracin SRB"]
[Date "2012.07.07"]
[Round "3.11"]
[White "Nestorovic,N"]
[Black "Dimitrijevic,R"]
[Result "1/2-1/2"]
[WhiteElo "2436"]
[BlackElo "2236"]

1.e4 c5 2.Nf3 Nc6 3.d4 cxd4 4.Nxd4 e6 5.Nc3 d6 6.Be3 Nf6 7.Be2 Be7 8.f4 e5
9.Nf5 Bxf5 10.exf5 exf4 11.Bxf4 d5 12.O-O O-O 13.Kh1 d4 14.Nb1 Nd5 15.Nd2 Bg5
16.Bxg5 Qxg5 17.Ne4 Qh4 18.Bd3 Ne3 19.Qe1 Qxe1 20.Rfxe1 Nb4 21.Re2 Nxd3 22.cxd3 Nxf5
23.Rc2 Ne3 24.Rc7 b6 25.Rac1 Nd5 26.R7c4 Nf4 27.Rd1 Rfd8 28.g3 Ne6 29.Rdc1 f5
30.Nf2 Kf7 31.Kg2 Rd5 32.b4 a5 33.a3 axb4 34.axb4 Ra4 35.Re1 Rd6 36.Re5 Kf6
37.Rb5 Ra7 38.g4 g6 39.gxf5 gxf5 40.Rc8 Nf4+ 41.Kg3 Nd5 42.Nh3 Ra3 43.Nf4 Nxf4
44.Kxf4 Rxd3 45.Rxf5+ Ke6 46.Rh5 Rb3 47.Rxh7 Rxb4 48.Rh6+ Kd7 49.Rxd6+ Kxd6
50.Ke4  1/2-1/2

[Event "87th ch-Paris IdF Open"]
[Site "Paris FRA"]
[Date "2012.07.07"]
[Round "1.9"]
[White "Dourerassou,J"]
[Black "Rindlisbacher,L"]
[Result "0-1"]
[WhiteElo "2460"]
[BlackElo "2266"]

1.e4 c5 2.Nf3 e6 3.d4 cxd4 4.Nxd4 Nc6 5.Nc3 d6 6.Be3 Nf6 7.f4 Be7 8.Qf3 e5
9.Nxc6 bxc6 10.Bc4 exf4 11.Bxf4 O-O 12.Bb3 Ng4 13.O-O-O Bg5 14.Kb1 Bxf4 15.Qxf4 Ne5
16.h3 Qe7 17.Rd4 c5 18.Rd2 Rb8 19.Nd5 Qb7 20.c4 Be6 21.Ne3 a5 22.Rxd6 Nxc4
23.Nxc4 Bxc4 24.Rc1 Bxb3 25.axb3 Qxb3 26.Qd2 a4 27.Rd3 Qb5 28.Ka2 Rfe8 29.Re3 Re5
30.Qe2 Qc6 31.Rc4 Rb4 32.Ka3 Qb5 33.Rec3 Rb3+ 34.Ka2 Rxc3 35.bxc3 Qb3+ 36.Ka1 Re8
37.Qa2 Qd1+ 38.Qb1 Qe2 39.Rxa4 g6 40.Ra2 Qc4 41.Qc1 Rxe4 42.Rd2 Rf4 43.Qc2 Rf1+
44.Kb2 Qb5+ 45.Ka2 Rf6 46.Qb3 Qa6+ 47.Qa3 Qc8 48.Kb2 Qb7+ 49.Kc1 Qb5 50.Qa8+ Kg7
51.Qe4 Re6 52.Qc2 Ra6 53.Re2 Qc4 54.Qb2 Qf4+ 55.Kc2 Qc4 56.Kd1 Rd6+ 57.Kc1 Rd3
58.Rc2 Re3 59.Qb6 Re6 60.Qb8 Qf1+ 61.Kb2 Qa6 62.Qc7 Qb5+ 63.Ka1 Ra6+ 64.Ra2 Qf1+
65.Kb2 Qe2+  0-1

[Event "5th Open d'Ille et Vilaine"]
[Site "Rennes FRA"]
[Date "2012.07.07"]
[Round "2.3"]
[White "Primel,D"]
[Black "Ivanov,Jo"]
[Result "0-1"]
[WhiteElo "1983"]
[BlackElo "2367"]

1.e4 c5 2.Nf3 e6 3.d4 cxd4 4.Nxd4 Nc6 5.Nc3 Qc7 6.g3 a6 7.Bg2 Nf6 8.O-O h6
9.Re1 Nxd4 10.Qxd4 Bc5 11.Qd1 d6 12.Be3 Bd7 13.h3 Rc8 14.Qd3 Bb4 15.Bd2 e5
16.Rad1 O-O 17.Qf3 Qd8 18.Nb1 Bxd2 19.Rxd2 Qa5 20.Qa3 Qxa3 21.Nxa3 b5 22.c3 a5
23.Bf1 Rc5 24.Rxd6 b4 25.Nb1 Be6 26.a3 Rb8 27.axb4 axb4 28.cxb4 Rxb4 29.Nd2 Rxb2
30.Rd1 g5 31.f3 Kg7 32.Kf2 h5 33.Rb1 Ra2 34.Rbb6 Nd5 35.exd5 Rxd2+ 36.Ke3 Rdxd5
37.Rxd5 Bxd5 38.Be2 Ra5 39.Rd6 Ra3+ 40.Kf2 Be6 41.h4 Ra2 42.Ke3 gxh4 43.gxh4 Ra4  0-1

[Event "2nd Polugaevsky Mem"]
[Site "Samara RUS"]
[Date "2012.07.07"]
[Round "3.7"]
[White "Fedorov,Alex"]
[Black "Kabanov,N"]
[Result "1-0"]
[WhiteElo "2562"]
[BlackElo "2496"]

1.e4 c5 2.Nf3 Nc6 3.Nc3 e6 4.d4 cxd4 5.Nxd4 Nf6 6.Ndb5 Bc5 7.Bf4 O-O 8.Bc7 Qe7
9.Bd6 Bxd6 10.Qxd6 Qd8 11.Nc7 Rb8 12.Be2 b5 13.N7xb5 Qb6 14.Rb1 Ba6 15.a4 Rfc8
16.Bd3 Ne8 17.Qg3 Bxb5 18.axb5 Nd4 19.O-O Nc7 20.e5 Ndxb5 21.Ne4 Ne8 22.h4 Nd4
23.h5 Nf5 24.Qf4 d5 25.Ng5 Qd4 26.Qxd4 Nxd4 27.Bxh7+ Kf8 28.Ra1 Rc7 29.Ra4 Ne2+
30.Kh2 Rxb2 31.Re1 Nc3 32.Rf4 Re7 33.Re3 Ne4 34.Nxe4 dxe4 35.Bxe4 Rb4 36.Rb3 Rxb3
37.cxb3 Rc7 38.Bd3 Rc5 39.Bg6 Nf6 40.exf6 fxg6 41.hxg6 a5 42.Kh3 Rc3+ 43.Rf3 Rxf3+
44.gxf3 gxf6 45.Kg4 Kg7 46.Kh5  1-0